000 00329nam a22001457a 4500
008 230512b ||||| |||| 00| 0 eng d
020 _a9780077833169
041 _aeng
080 _2SEVENTH EDITION
_a334
082 _a334LIB
100 _a25
101 _aFINANCA
245 _aFINANCIAL ACCOUNTING
_cLIBBY
942 _2udc
_cBK
999 _c59687
_d59687